000 00557nam a2200169 4500
999 _c4084
_d4084
008 160824b xxu||||| |||| 00| 0 eng d
022 _a2094-8042
082 _aDPer 370.105 M72 Jan-Dec 2012 v. 60-61
100 _913598
_aLuna, Monalisa V.
243 _a
245 _aUnderstanding the children with learning disabilities/
_cMonalisa V. Luna.
260 _aPhilippines:
_bIn the Grade School, Inc.,
_c©2012.
300 _av60 n9, pages 356+;
_c28 cm.
500 _aThe Modern Teacher.
650 0 _919323
_aHandicapped children
942 _2ddc
_cPER